000
00311nam a2200133Ia 4500
008
240624s9999 xx 000 0 und d
041
_a
eng
082
_a
823 FOR
100
_a
FORSYTH FREDERICK
245
_a
DOGS OF WAR
260
_c
2011
_a
London
_b
Arrow Books
300
_a
438 : p. : cm. ; 18
365
_c
RS
999
_c
21170
_d
21170